Cette année-là: 1806 - Statistiques

Statistiques générales
  • Ce quiz a été pris 28 fois
  • Le résultat moyen est 4 sur 10
Statistiques - réponses
indices réponses % Correct
27 octobre: Napoléon entre dans cette capitale... Berlin
86%
14 octobre: Grande victoire contre la Prusse Bataille d'Iéna
82%
21 novembre: Le décret de Berlin impose cette manoeuvre contre les produits importés d'Angleterre. Blocus continental
68%
5 juin: Frère de l'Empereur je deviens Roi de Hollande Louis Bonaparte
55%
23 janvier: Premier ministre anglais durant 20 ans, je meurs... William Pitt
36%
16 juillet: Sous la houlette de Napoléon, création de cette entité rassemblant les Etats allemands Confédération du Rhin
27%
19 février: Anniversaire de Napoléon (et fête catholique) on choisit cette date comme fête nationale 15 août
18%
18-19 décembre: Je rencontre Napoléon à Varsovie. Marie Waleska
18%
10 mai: Loi créant cette institution d'enseignement supérieur Université impériale
14%
8 octobre: Première utilisation de ces armes sur un champ de bataille occidental Fusée Congreve
9%
Aucun quiz correspondant
Distribution des résultats
% des personnes avec chaque résultat
Percentile par nombre de réponses
Votre historique - résultats
Vous n’avez pas pris ce quiz